| 000 | 005460000a22001450004500 | ||
|---|---|---|---|
| 090 |
_aAS _bSeriadas |
||
| 245 | 1 | 0 | _aInventario RAP de la ictiofauna del río Aurra y sus tributarios en San Jerónimo, Antioquia |
| 246 | 3 | _aRAP inventory of the ichthyofauna of the Aurra river and its tributaries in San Jerónimo, Antioquia | |
| 041 | 0 | _aEspañol | |
| 700 | 1 |
_aUrán, Luis Alberto _999739 |
|
| 700 | 1 |
_aBock, Brian C. _9454 |
|
| 100 | 1 |
_aGarcía , Fabio León _999740 |
|
| 942 | _cARTICULO | ||
| 773 | 1 |
_tActualidades Biológicas _h78 _q51-57 _d2003 _g25 |
|
| 999 |
_c15463 _d15463 |
||